书目信息 |
| 题名: |
生命密码
|
|
| 作者: | 哈本诺 著 ;姬蕾 译 | |
| 分册: | ||
| 出版信息: | 天津 天津教育出版社 2010.01 |
|
| 页数: | 143页 | |
| 开本: | 22cm | |
| 丛书名: | ||
| 单 册: | ||
| 中图分类: | B821 | |
| 科图分类: | ||
| 主题词: | 人生哲学--通俗读物 | |
| 电子资源: | ||
| ISBN: | 978-7-5309-5873-5 | |
| 000 | 00925nam0 2200253 450 | |
| 001 | 012010610787 | |
| 005 | 20100629112556.06 | |
| 009 | 012004432565 | |
| 010 | @a978-7-5309-5873-5@b精装@dCNY25.80 | |
| 100 | @a20100515d2010 em y0chiy0110 ea | |
| 101 | 1 | @achi@cdut |
| 102 | @aCN@b120000 | |
| 105 | @ay z 000yy | |
| 200 | 1 | @a生命密码@Asheng ming mi ma@d= The life codes@f(荷) 派瑞·哈本诺著@F(he)pai rui·ha ben nuo zhu@g姬蕾译@zeng |
| 210 | @a天津@c天津教育出版社@d2010.01 | |
| 215 | @a143页@d22cm | |
| 330 | @a本书讲述了七个生命密码:上帝密码、亚当密码、夏娃密码、约书亚密码、米丽亚姆密码、摩西密码和亚伯拉罕密码。这些密码能够帮助我们打开创造之门、富足之门、康复之门以及爱之门。 | |
| 500 | 10 | @aThe life codes@mChinese |
| 606 | 0 | @a人生哲学@x通俗读物 |
| 690 | @aB821@v4 | |
| 701 | 1 | @a哈本诺@Aha ben nuo@g(Harpenau, Patty)@4著 |
| 702 | 0 | @a姬蕾@Aji lei@4译 |
| 801 | 0 | @aCN@c20100515 |
| 905 | @dB821@eH003@f3 | |
| 生命密码= The life codes/(荷) 派瑞·哈本诺著/姬蕾译.-天津:天津教育出版社,2010.01 |
| 143页;22cm |
| ISBN 978-7-5309-5873-5(精装):CNY25.80 |
| 本书讲述了七个生命密码:上帝密码、亚当密码、夏娃密码、约书亚密码、米丽亚姆密码、摩西密码和亚伯拉罕密码。这些密码能够帮助我们打开创造之门、富足之门、康复之门以及爱之门。 |
| ● |
| 相关链接 |
|
|
|
正题名:生命密码
索取号:B821/H003
 
预约/预借
| 序号 | 登录号 | 条形码 | 馆藏地/架位号 | 状态 | 备注 |